000 00229nam a22000857a 4500
008 160629b xxu||||| |||| 00| 0 eng d
100 _91416
_a Das, A., et al
245 _aHome Science - XI
260 _aNew Delhi
_bArya Publication
_c2004
999 _c1172
_d1172